| 000 | 00378nam a2200157Ia 4500 | ||
|---|---|---|---|
| 008 | 210716s2000 xx 000 0 und d | ||
| 020 | _a0538861630 | ||
| 041 | _aeng | ||
| 082 | _a658 WILC | ||
| 100 | _aWilliams, Chuck. | ||
| 245 | _aManagement. | ||
| 250 | _a4 | ||
| 260 |
_aAustralia _bSouth western college publishing _c2000 |
||
| 300 | _axxv,821 | ||
| 650 | _aMANAGEMENT | ||
| 999 |
_c203043 _d203043 |
||